Registers of Scotland (Record no. 110819)
[ view plain ]
| 000 -LEADER | |
|---|---|
| fixed length control field | 01161cad a22002055a 4500 |
| 001 - CONTROL NUMBER | |
| control field | E150285 |
| 008 - FIXED-LENGTH DATA ELEMENTS--GENERAL INFORMATION | |
| fixed length control field | 100621s2010 xxk f 000 0 eng d |
| 035 ## - SYSTEM CONTROL NUMBER | |
| System control number | (Sirsi) u150285 |
| 041 0# - LANGUAGE CODE | |
| Language code of text/sound track or separate title | eng |
| 110 2# - MAIN ENTRY--CORPORATE NAME | |
| Corporate name or jurisdiction name as entry element | Registers of Scotland |
| 9 (RLIN) | 5601 |
| 245 00 - TITLE STATEMENT | |
| Title | Registers of Scotland |
| Remainder of title | fee review 2010, consultation paper |
| Medium | [electronic resource] |
| 260 ## - PUBLICATION, DISTRIBUTION, ETC. | |
| Place of publication, distribution, etc. | Glasgow |
| Name of publisher, distributor, etc. | ROS |
| Date of publication, distribution, etc. | 2010 |
| 505 2# - FORMATTED CONTENTS NOTE | |
| Formatted contents note | Background -- Proposed changes to registration and recording fees -- Proposed changes to information fees -- Proposed changes to report fees -- Proposed changes to miscellaneous services fees -- Proposed changes to CAJR fees -- Summary -- Annexes |
| 520 ## - SUMMARY, ETC. | |
| Summary, etc. | A consultation on proposals to change the levels of various fees charged by Registers of Scotland (RoS), which are calculated on the principle of full cost recovery. Current fees are resulting in RoS making an unsustainable annual loss. Deadline for responses is 10 September 2010. |
| 590 ## - LOCAL NOTE (RLIN) | |
| Local note | KA |
| 651 #4 - SUBJECT ADDED ENTRY--GEOGRAPHIC NAME | |
| Geographic name | Scotland |
| Chronological subdivision | 1999- |
| 690 ## - LOCAL SUBJECT ADDED ENTRY--TOPICAL TERM (OCLC, RLIN) | |
| Topical term or geographic name as entry element | PROPERTY-ACQUISITION AND DISPOSAL OF PROPERTY |
| 856 40 - ELECTRONIC LOCATION AND ACCESS | |
| Uniform Resource Identifier | <a href="https://www.ros.gov.uk/feereview2010/">https://www.ros.gov.uk/feereview2010/</a> |
| Public note | View the consultation free of charge at www.ros.gov.uk |
| 942 ## - ADDED ENTRY ELEMENTS (KOHA) | |
| Suppress in OPAC | 0 |
| Withdrawn status | Lost status | Source of classification or shelving scheme | Damaged status | Not for loan | Home library | Current library | Shelving location | Date acquired | Total Checkouts | Full call number | Barcode | Date last seen | Copy number | Price effective from | Koha item type |
|---|---|---|---|---|---|---|---|---|---|---|---|---|---|---|---|
| Dewey Decimal Classification | Virtual | Virtual | Online | 21/06/2010 | ONLINE PUBLICATION | 150285-2001 | 06/08/2019 | 1 | 06/08/2019 | Book |